000
00377nam a2200133Ia 4500
008
100328s9999 xx 000 0 und d
082
_b
21616
100
_a
प्रभू वामन
245
_a
आकाश पाळणा
260
_b
मॅजेस्टिक
630
_a
आकाश पाळणा
730
_a
आकाश पाळणा
942
_c
BOOK
999
_c
515617
_d
515614